00778 2200265 4500001002100000005001700021020002200038035002500060040001200085082001700097084001900114090001900133100001900152245011000171250001700281260003300298300004500331500003100376650002000407990001700427990001700444990001700461990001700478990001700495YOGYA00000000010147220150223102012.0 a978-979-756-951-8 a0010-041400000000072 aYOPDYOG 2[22]a306.44 aQ 306.44 Fat S aQ 306.44 Fat S aFATHUR ROKHMAN aSosiolinguistikb: suatu pendekatan pembelajaran bahasa dalam masyarakat multikulturalc/ Fatkhur Rokhman aEd.1, cet. 1 aYogyakartabGraha Ilmuc2013 aix, 115 hlm.b: ilus.c; 26 cm. (5 eks.) aBibliografi : hlm. 109-115 aSosiolinguistik a6406/PD.2014 a6407/PD.2014 a6408/PD.2014 a6409/PD.2014 a6410/PD.2014